000 00521nam a2200169 a 4500
001 000021188
005 20200930011246.0
008 100901s|||| ve abc r 000 0 spa d
040 _aDO-SdBNP
_bspa
_cBNPHU
082 _annnn
_bG943g
245 0 0 _aGuía goajiro :
_bpara el aprendizaje del dialecto goajiro.
250 _aed. corregida y aumentada
260 _aCaracas :
_b[s. n.],
_c[s.f.].
300 _a148, [1] p. :
_bil., mapas, retrs. ;
_c19 cm.
500 _aIncluye notas al pie de las páginas.
049 _aBNGR
999 _c20689
_d20689